| 000 | 00432nam a22001697a 4500 | ||
|---|---|---|---|
| 999 |
_c7531 _d7531 |
||
| 003 | GBCCL | ||
| 005 | 20241126110630.0 | ||
| 008 | 180821b ||||| |||| 00| 0 eng d | ||
| 040 | _cGBC | ||
| 082 |
_aVER 412 _bVUM |
||
| 100 |
_aVumkhawthang, Hangzo _913532 |
||
| 245 | _aPaite-English word book | ||
| 260 |
_c1990. _aChurachandpur: _bThanghuzam, |
||
| 300 | _a112p.; | ||
| 650 |
_aPaite English _vWord book _913317 |
||
| 942 |
_2ddc _cBK |
||